Private potential (Record no. 70360)
[ view plain ]
| 000 -LEADER | |
|---|---|
| fixed length control field | 01014cam a2200205 4500 |
| 001 - CONTROL NUMBER | |
| control field | ABS65521 |
| 008 - FIXED-LENGTH DATA ELEMENTS--GENERAL INFORMATION | |
| fixed length control field | 020527n2002 000 0 eng u |
| 035 ## - SYSTEM CONTROL NUMBER | |
| System control number | (Sirsi) u118150 |
| 100 ## - MAIN ENTRY--PERSONAL NAME | |
| Personal name | Jackson, A |
| 245 ## - TITLE STATEMENT | |
| Title | Private potential |
| 260 ## - PUBLICATION, DISTRIBUTION, ETC. | |
| Date of publication, distribution, etc. | 2002 |
| 490 ## - SERIES STATEMENT | |
| Series statement | Inside Housing |
| Volume/sequential designation | 17 May 2002, 17(1) |
| 520 ## - SUMMARY, ETC. | |
| Summary, etc. | Alastair Jackson, director of policy at Shelter, argues that the private rented sector has a vital role to play in addressing the country's housing shortage but that responsible landlords need more help if they are to become part of the solution. Shelter set up the Commission on the Private Rented Sector which has produced a report, "Private renting: a new settlement", on how such landlords could be involved in helping combat the UK's housing shortage. The report is available, free, from Shelter on 020 7505 4699. |
| 590 ## - LOCAL NOTE (RLIN) | |
| Local note | ABS |
| 650 ## - SUBJECT ADDED ENTRY--TOPICAL TERM | |
| Topical term or geographic name entry element | PRIVATE RENTED SECTOR |
| 650 ## - SUBJECT ADDED ENTRY--TOPICAL TERM | |
| Topical term or geographic name entry element | PRIVATE LANDLORDS |
| 650 ## - SUBJECT ADDED ENTRY--TOPICAL TERM | |
| Topical term or geographic name entry element | HOUSING SHORTAGE |
| 690 ## - LOCAL SUBJECT ADDED ENTRY--TOPICAL TERM (OCLC, RLIN) | |
| Topical term or geographic name as entry element | Affordable housing |
| 9 (RLIN) | 6215 |
| 942 ## - ADDED ENTRY ELEMENTS (KOHA) | |
| Suppress in OPAC | 0 |
| Withdrawn status | Lost status | Source of classification or shelving scheme | Damaged status | Not for loan | Home library | Current library | Shelving location | Date acquired | Total Checkouts | Full call number | Barcode | Date last seen | Copy number | Price effective from | Koha item type |
|---|---|---|---|---|---|---|---|---|---|---|---|---|---|---|---|
| Dewey Decimal Classification | London | London | Journal article | 27/05/2002 | ABS65521 | 118150-1001 | 06/08/2019 | 1 | 06/08/2019 | Journal article |